<?xml version="1.0" encoding="UTF-8"?>
<record
    xmlns:xsi="http://www.w3.org/2001/XMLSchema-instance"
    xsi:schemaLocation="http://www.loc.gov/MARC21/slim http://www.loc.gov/standards/marcxml/schema/MARC21slim.xsd"
    xmlns="http://www.loc.gov/MARC21/slim">

  <leader>00651nam a22002177a 4500</leader>
  <controlfield tag="008">240526b        mp ||||| |||| 00| 0 mon d</controlfield>
  <datafield tag="020" ind1=" " ind2=" ">
    <subfield code="a">978-99973-1-112-2</subfield>
  </datafield>
  <datafield tag="035" ind1=" " ind2=" ">
    <subfield code="a">26926</subfield>
  </datafield>
  <datafield tag="040" ind1=" " ind2=" ">
    <subfield code="a">&#x414;&#x43E;&#x440;&#x43D;&#x43E;&#x433;&#x43E;&#x432;&#x44C; &#x430;&#x439;&#x43C;&#x433;&#x438;&#x439;&#x43D; &#x43D;&#x438;&#x439;&#x442;&#x438;&#x439;&#x43D; &#x43D;&#x43E;&#x43C;&#x44B;&#x43D; &#x441;&#x430;&#x43D;</subfield>
    <subfield code="b">mon</subfield>
    <subfield code="c">MN-UlNLM</subfield>
    <subfield code="d">MN-UlNLM</subfield>
    <subfield code="e">rda</subfield>
  </datafield>
  <datafield tag="041" ind1=" " ind2=" ">
    <subfield code="a">mon</subfield>
  </datafield>
  <datafield tag="042" ind1=" " ind2=" ">
    <subfield code="a">58759</subfield>
  </datafield>
  <datafield tag="084" ind1=" " ind2=" ">
    <subfield code="2">&#x41D;&#x421;&#x41D;&#x417;&#x410;</subfield>
    <subfield code="a">84/7&#x410;&#x43D;&#x443;/</subfield>
    <subfield code="b">&#x410;-645</subfield>
  </datafield>
  <datafield tag="100" ind1=" " ind2=" ">
    <subfield code="a">&#x410;&#x43D;&#x43D;&#x430; &#x421;&#x44C;&#x44E;&#x44D;&#x43B;&#x43B;</subfield>
  </datafield>
  <datafield tag="245" ind1=" " ind2="0">
    <subfield code="a">&#x425;&#x438;&#x43B;&#x44D;&#x43D; &#x445;&#x430;&#x440;</subfield>
  </datafield>
  <datafield tag="264" ind1=" " ind2=" ">
    <subfield code="a">&#x423;&#x411;</subfield>
    <subfield code="b">&#x41C;&#x43E;&#x43D; &#x441;&#x443;&#x434;&#x430;&#x440;</subfield>
    <subfield code="c">2015</subfield>
  </datafield>
  <datafield tag="300" ind1=" " ind2=" ">
    <subfield code="a">335&#x445;.</subfield>
  </datafield>
  <datafield tag="336" ind1=" " ind2=" ">
    <subfield code="2">rdacontent</subfield>
    <subfield code="a">text</subfield>
    <subfield code="b">txt</subfield>
  </datafield>
  <datafield tag="337" ind1=" " ind2=" ">
    <subfield code="2">rdamedia</subfield>
    <subfield code="a">unmediated</subfield>
    <subfield code="b">n</subfield>
  </datafield>
  <datafield tag="338" ind1=" " ind2=" ">
    <subfield code="2">rdacarrier</subfield>
    <subfield code="a">volume</subfield>
    <subfield code="b">nc</subfield>
  </datafield>
  <datafield tag="942" ind1=" " ind2=" ">
    <subfield code="2">NNA</subfield>
    <subfield code="c">BK</subfield>
  </datafield>
  <datafield tag="952" ind1=" " ind2=" ">
    <subfield code="0">0</subfield>
    <subfield code="1">0</subfield>
    <subfield code="4">0</subfield>
    <subfield code="6">bkmon</subfield>
    <subfield code="7">0</subfield>
    <subfield code="8">DG1542</subfield>
    <subfield code="a">DG1544100</subfield>
    <subfield code="b">DG1544100</subfield>
    <subfield code="c">DG1542</subfield>
    <subfield code="d">2024-05-27</subfield>
    <subfield code="g">12900.00</subfield>
    <subfield code="l">0</subfield>
    <subfield code="o">84/7&#x410;&#x43D;&#x443;/  &#x410;-645</subfield>
    <subfield code="p">DG15426926-2-1</subfield>
    <subfield code="r">2024-05-27</subfield>
    <subfield code="t">13590</subfield>
    <subfield code="y">BK</subfield>
  </datafield>
  <datafield tag="952" ind1=" " ind2=" ">
    <subfield code="0">0</subfield>
    <subfield code="1">0</subfield>
    <subfield code="4">0</subfield>
    <subfield code="6">bkmon</subfield>
    <subfield code="7">0</subfield>
    <subfield code="8">DG1544</subfield>
    <subfield code="a">DG1544100</subfield>
    <subfield code="b">DG1544100</subfield>
    <subfield code="c">DG1544</subfield>
    <subfield code="d">2024-05-27</subfield>
    <subfield code="g">12900.00</subfield>
    <subfield code="l">0</subfield>
    <subfield code="o">84/7&#x410;&#x43D;&#x443;/  &#x410;-645</subfield>
    <subfield code="p">DG15426926-4-1</subfield>
    <subfield code="r">2024-05-27</subfield>
    <subfield code="t">14256</subfield>
    <subfield code="y">BK</subfield>
  </datafield>
  <datafield tag="999" ind1=" " ind2=" ">
    <subfield code="c">735151</subfield>
    <subfield code="d">735208</subfield>
  </datafield>
</record>
